<?xml version="1.0" encoding="UTF-8"?>
<record
    xmlns:xsi="http://www.w3.org/2001/XMLSchema-instance"
    xsi:schemaLocation="http://www.loc.gov/MARC21/slim http://www.loc.gov/standards/marcxml/schema/MARC21slim.xsd"
    xmlns="http://www.loc.gov/MARC21/slim">

  <leader>01096nam a22002297a 4500</leader>
  <controlfield tag="005">20241126130055.0</controlfield>
  <controlfield tag="008">241126b        sa ||||| |||| 00| 0 eng d</controlfield>
  <datafield tag="020" ind1=" " ind2=" ">
    <subfield code="a">9781770088900</subfield>
    <subfield code="q">hbk</subfield>
  </datafield>
  <datafield tag="040" ind1=" " ind2=" ">
    <subfield code="a">RDA</subfield>
    <subfield code="c">3228</subfield>
  </datafield>
  <datafield tag="041" ind1=" " ind2=" ">
    <subfield code="2">E</subfield>
    <subfield code="a">eng</subfield>
  </datafield>
  <datafield tag="082" ind1=" " ind2=" ">
    <subfield code="a">J 920 KENY</subfield>
  </datafield>
  <datafield tag="100" ind1=" " ind2=" ">
    <subfield code="a">van Wyk, Chris </subfield>
  </datafield>
  <datafield tag="245" ind1=" " ind2=" ">
    <subfield code="a">Jomo Kenyatta /</subfield>
    <subfield code="c">Chris van Wyk</subfield>
  </datafield>
  <datafield tag="260" ind1=" " ind2=" ">
    <subfield code="a">South Africa :</subfield>
    <subfield code="b">Awareness ;</subfield>
    <subfield code="c">2017.</subfield>
  </datafield>
  <datafield tag="300" ind1=" " ind2=" ">
    <subfield code="a">32 pages :</subfield>
    <subfield code="b">some colour illustrations ;</subfield>
    <subfield code="c">22 cm.</subfield>
  </datafield>
  <datafield tag="490" ind1=" " ind2=" ">
    <subfield code="a">African Freedom Fighters </subfield>
    <subfield code="x">9781770088801</subfield>
  </datafield>
  <datafield tag="500" ind1=" " ind2=" ">
    <subfield code="a">This book introduces junior readers to the life and legacy of Jomo Kenyatta, Kenya&#x2019;s first President and a key figure in the nation&#x2019;s fight for independence. Written by Chris van Wyk, it simplifies Kenyatta&#x2019;s biography with illustrations and a glossary to make the content accessible to younger audiences.</subfield>
  </datafield>
  <datafield tag="504" ind1=" " ind2=" ">
    <subfield code="a">Includes index.</subfield>
  </datafield>
  <datafield tag="521" ind1=" " ind2=" ">
    <subfield code="a">Juvenile/Children </subfield>
  </datafield>
  <datafield tag="650" ind1=" " ind2=" ">
    <subfield code="2">African Freedom Fighters </subfield>
    <subfield code="a">Africa</subfield>
    <subfield code="v">African history</subfield>
    <subfield code="x">Liberation movements</subfield>
    <subfield code="x">Biography</subfield>
    <subfield code="x">Kenyatta, Jomo, 1897-1978</subfield>
    <subfield code="x">Politics and government</subfield>
    <subfield code="x">20th century</subfield>
    <subfield code="9">191208</subfield>
  </datafield>
  <datafield tag="942" ind1=" " ind2=" ">
    <subfield code="2">ddc</subfield>
    <subfield code="c">BOOK</subfield>
    <subfield code="w">395</subfield>
    <subfield code="x">Kholofelo Moabelo</subfield>
    <subfield code="y">395</subfield>
    <subfield code="z">Kholofelo Moabelo</subfield>
  </datafield>
  <datafield tag="999" ind1=" " ind2=" ">
    <subfield code="c">771110</subfield>
    <subfield code="d">771109</subfield>
  </datafield>
  <datafield tag="952" ind1=" " ind2=" ">
    <subfield code="0">0</subfield>
    <subfield code="1">0</subfield>
    <subfield code="2">ddc</subfield>
    <subfield code="4">0</subfield>
    <subfield code="7">0</subfield>
    <subfield code="8">900</subfield>
    <subfield code="a">STANL</subfield>
    <subfield code="b">STANL</subfield>
    <subfield code="c">GEN</subfield>
    <subfield code="d">2024-11-26</subfield>
    <subfield code="g">250.90</subfield>
    <subfield code="l">0</subfield>
    <subfield code="o">J 920 KENY</subfield>
    <subfield code="p">33228031154171</subfield>
    <subfield code="r">2024-11-26</subfield>
    <subfield code="v">250.90</subfield>
    <subfield code="w">2024-11-26</subfield>
    <subfield code="y">BOOK</subfield>
  </datafield>
  <datafield tag="952" ind1=" " ind2=" ">
    <subfield code="0">0</subfield>
    <subfield code="1">0</subfield>
    <subfield code="2">ddc</subfield>
    <subfield code="4">0</subfield>
    <subfield code="7">0</subfield>
    <subfield code="8">900</subfield>
    <subfield code="a">STANL</subfield>
    <subfield code="b">STANL</subfield>
    <subfield code="c">GEN</subfield>
    <subfield code="d">2024-11-26</subfield>
    <subfield code="g">250.90</subfield>
    <subfield code="l">0</subfield>
    <subfield code="o">J 920 KENY</subfield>
    <subfield code="p">33228031154151</subfield>
    <subfield code="r">2024-11-26</subfield>
    <subfield code="v">250.90</subfield>
    <subfield code="w">2024-11-26</subfield>
    <subfield code="y">BOOK</subfield>
  </datafield>
  <datafield tag="952" ind1=" " ind2=" ">
    <subfield code="0">0</subfield>
    <subfield code="1">0</subfield>
    <subfield code="2">ddc</subfield>
    <subfield code="4">0</subfield>
    <subfield code="7">0</subfield>
    <subfield code="a">LYDEL</subfield>
    <subfield code="b">MPSTL</subfield>
    <subfield code="d">2025-01-30</subfield>
    <subfield code="l">0</subfield>
    <subfield code="o">J 920 KENY</subfield>
    <subfield code="p">33228031103215</subfield>
    <subfield code="r">2025-01-30</subfield>
    <subfield code="w">2025-01-30</subfield>
    <subfield code="y">BOOK</subfield>
  </datafield>
  <datafield tag="952" ind1=" " ind2=" ">
    <subfield code="0">0</subfield>
    <subfield code="1">0</subfield>
    <subfield code="2">ddc</subfield>
    <subfield code="4">0</subfield>
    <subfield code="7">0</subfield>
    <subfield code="8">900</subfield>
    <subfield code="a">THANPL</subfield>
    <subfield code="b">THANPL</subfield>
    <subfield code="c">GEN</subfield>
    <subfield code="d">2024-11-26</subfield>
    <subfield code="g">250.90</subfield>
    <subfield code="l">0</subfield>
    <subfield code="o">J 920 KENY</subfield>
    <subfield code="p">3322803174185</subfield>
    <subfield code="r">2025-05-23</subfield>
    <subfield code="v">250.90</subfield>
    <subfield code="w">2024-11-26</subfield>
    <subfield code="y">BOOK</subfield>
  </datafield>
  <datafield tag="952" ind1=" " ind2=" ">
    <subfield code="0">0</subfield>
    <subfield code="1">0</subfield>
    <subfield code="2">ddc</subfield>
    <subfield code="4">0</subfield>
    <subfield code="7">0</subfield>
    <subfield code="8">900</subfield>
    <subfield code="a">MBOMRL</subfield>
    <subfield code="b">MASOL</subfield>
    <subfield code="c">GEN</subfield>
    <subfield code="d">2025-10-29</subfield>
    <subfield code="g">250.90</subfield>
    <subfield code="o">J 920 KENY</subfield>
    <subfield code="p">3228200051916</subfield>
    <subfield code="r">2025-10-29</subfield>
    <subfield code="w">2025-10-29</subfield>
    <subfield code="y">BOOK</subfield>
  </datafield>
  <datafield tag="952" ind1=" " ind2=" ">
    <subfield code="0">0</subfield>
    <subfield code="1">0</subfield>
    <subfield code="2">ddc</subfield>
    <subfield code="4">0</subfield>
    <subfield code="7">0</subfield>
    <subfield code="8">900</subfield>
    <subfield code="a">STANRL</subfield>
    <subfield code="b">Leanl</subfield>
    <subfield code="c">CHILD</subfield>
    <subfield code="d">2026-02-20</subfield>
    <subfield code="l">0</subfield>
    <subfield code="o">J 920 VANW</subfield>
    <subfield code="p">3228200035636</subfield>
    <subfield code="r">2026-02-20</subfield>
    <subfield code="w">2026-02-20</subfield>
    <subfield code="y">BOOK</subfield>
  </datafield>
  <datafield tag="952" ind1=" " ind2=" ">
    <subfield code="0">0</subfield>
    <subfield code="1">0</subfield>
    <subfield code="2">ddc</subfield>
    <subfield code="4">0</subfield>
    <subfield code="7">0</subfield>
    <subfield code="8">900</subfield>
    <subfield code="a">STANRL</subfield>
    <subfield code="b">MORGL</subfield>
    <subfield code="c">CHILD</subfield>
    <subfield code="d">2026-02-20</subfield>
    <subfield code="l">0</subfield>
    <subfield code="o">J 920 VANW</subfield>
    <subfield code="p">3228200035672</subfield>
    <subfield code="r">2026-02-20</subfield>
    <subfield code="w">2026-02-20</subfield>
    <subfield code="y">BOOK</subfield>
  </datafield>
  <datafield tag="952" ind1=" " ind2=" ">
    <subfield code="0">0</subfield>
    <subfield code="1">0</subfield>
    <subfield code="2">ddc</subfield>
    <subfield code="4">0</subfield>
    <subfield code="7">0</subfield>
    <subfield code="8">900</subfield>
    <subfield code="a">STANRL</subfield>
    <subfield code="b">MILAL</subfield>
    <subfield code="c">CHILD</subfield>
    <subfield code="d">2026-02-20</subfield>
    <subfield code="l">0</subfield>
    <subfield code="o">J 920 VANW</subfield>
    <subfield code="p">3228200035615</subfield>
    <subfield code="r">2026-02-20</subfield>
    <subfield code="w">2026-02-20</subfield>
    <subfield code="y">BOOK</subfield>
  </datafield>
  <datafield tag="952" ind1=" " ind2=" ">
    <subfield code="0">0</subfield>
    <subfield code="1">0</subfield>
    <subfield code="2">ddc</subfield>
    <subfield code="4">0</subfield>
    <subfield code="7">0</subfield>
    <subfield code="8">900</subfield>
    <subfield code="a">STANRL</subfield>
    <subfield code="b">PERD</subfield>
    <subfield code="c">CHILD</subfield>
    <subfield code="d">2026-02-20</subfield>
    <subfield code="l">0</subfield>
    <subfield code="o">J 920 VANW</subfield>
    <subfield code="p">3228200035687</subfield>
    <subfield code="r">2026-02-20</subfield>
    <subfield code="w">2026-02-20</subfield>
    <subfield code="y">BOOK</subfield>
  </datafield>
  <datafield tag="952" ind1=" " ind2=" ">
    <subfield code="0">0</subfield>
    <subfield code="1">0</subfield>
    <subfield code="2">ddc</subfield>
    <subfield code="4">0</subfield>
    <subfield code="7">0</subfield>
    <subfield code="8">900</subfield>
    <subfield code="a">STANRL</subfield>
    <subfield code="b">THUTL</subfield>
    <subfield code="c">CHILD</subfield>
    <subfield code="d">2026-02-20</subfield>
    <subfield code="l">0</subfield>
    <subfield code="o">J 920 VANW</subfield>
    <subfield code="p">3228200035786</subfield>
    <subfield code="r">2026-02-20</subfield>
    <subfield code="w">2026-02-20</subfield>
    <subfield code="y">BOOK</subfield>
  </datafield>
  <datafield tag="952" ind1=" " ind2=" ">
    <subfield code="0">0</subfield>
    <subfield code="1">0</subfield>
    <subfield code="2">ddc</subfield>
    <subfield code="4">0</subfield>
    <subfield code="7">0</subfield>
    <subfield code="8">900</subfield>
    <subfield code="a">STANRL</subfield>
    <subfield code="b">SAKHL</subfield>
    <subfield code="c">CHILD</subfield>
    <subfield code="d">2026-02-20</subfield>
    <subfield code="l">0</subfield>
    <subfield code="o">J 920 VANW</subfield>
    <subfield code="p">3228200035791</subfield>
    <subfield code="r">2026-02-20</subfield>
    <subfield code="w">2026-02-20</subfield>
    <subfield code="y">BOOK</subfield>
  </datafield>
  <datafield tag="952" ind1=" " ind2=" ">
    <subfield code="0">0</subfield>
    <subfield code="1">0</subfield>
    <subfield code="2">ddc</subfield>
    <subfield code="4">0</subfield>
    <subfield code="7">0</subfield>
    <subfield code="8">900</subfield>
    <subfield code="a">STANRL</subfield>
    <subfield code="b">STANDL</subfield>
    <subfield code="c">CHILD</subfield>
    <subfield code="d">2026-02-20</subfield>
    <subfield code="l">0</subfield>
    <subfield code="o">J 920 VANW</subfield>
    <subfield code="p">3228200035622</subfield>
    <subfield code="r">2026-02-20</subfield>
    <subfield code="w">2026-02-20</subfield>
    <subfield code="y">BOOK</subfield>
  </datafield>
  <datafield tag="952" ind1=" " ind2=" ">
    <subfield code="0">0</subfield>
    <subfield code="1">0</subfield>
    <subfield code="2">ddc</subfield>
    <subfield code="4">0</subfield>
    <subfield code="7">0</subfield>
    <subfield code="8">900</subfield>
    <subfield code="a">STANRL</subfield>
    <subfield code="b">TRICL</subfield>
    <subfield code="c">CHILD</subfield>
    <subfield code="d">2026-02-20</subfield>
    <subfield code="l">0</subfield>
    <subfield code="o">J 920 VANW</subfield>
    <subfield code="p">3228200035595</subfield>
    <subfield code="r">2026-02-20</subfield>
    <subfield code="w">2026-02-20</subfield>
    <subfield code="y">BOOK</subfield>
  </datafield>
</record>
